Lessico del razzismo democratico : le parole che escludono /
Saved in:
| 主要作者: | |
|---|---|
| 格式: | 图书 |
| 语言: | 意大利语 |
| 出版: |
Roma :
Deriveapprodi,
2008
|
| 丛编: | DeriveApprodi
|
| 主题: | |
| 标签: |
没有标签, 成为第一个标记此记录!
|
MARC
| LEADER | 00000nam a22000007i 4500 | ||
|---|---|---|---|
| 001 | IT\ICCU\LO1\1181424 | ||
| 003 | ItRI | ||
| 005 | 20260115232154.0 | ||
| 008 | 080331s2008 it |||||| ||||| |||||c | ||
| 020 | |a 9788889969472 | ||
| 040 | |b ita |c importazione bologna sebina | ||
| 041 | 7 | |a ita |2 ISO-639-2 | |
| 082 | |a 305.800945 |9 Gruppi etnici e nazionali. Italia |2 14 | ||
| 100 | 1 | |a Faso, Giuseppe |0 IT\ICCU\RAVV\049779 |4 aut | |
| 245 | 1 | 0 | |a Lessico del razzismo democratico : |b le parole che escludono / |c Giuseppe Faso. |
| 260 | |a Roma : |b Deriveapprodi, |c 2008 | ||
| 300 | |a 140 p. ; |c 20 cm. | ||
| 650 | 7 | |a Razzismo | |
| 830 | 0 | |a DeriveApprodi |0 IT\ICCU\VIA\0070595 | |
| 942 | |2 ddc |c BK |n 0 | ||
| 952 | |0 0 |1 0 |4 0 |6 DOC_305_800000000000000_FAS |7 0 |9 21366 |a BO |b BO |d 2026-01-15 |i 12746 |l 0 |o DOC 305.800 FAS |p BO12746 |r 2026-01-15 23:21:54 |w 2026-01-15 |x [Sebina 5] [1 v.] |y BK |z 1 v. | ||
| 999 | |c 18252 |d 18252 | ||